000 00208nam a2200097Ia 4500
008 240331s9999 xx 000 0 und d
082 _bJAM
100 _aJameel, S.H.M
245 0 _aKavi chintanaikal
942 _cL
999 _c3631
_d3631